Le mariage - pays autorisant le mariage homosexuel - Statistiques

Statistiques générales
  • Ce quiz a été pris 166 fois
  • Le résultat moyen est 25 sur 31
Statistiques - réponses
Année Pays % Correct
2013 France
100%
2005 Espagne
98%
2015 Etats-Unis
98%
2005 Canada
97%
2009 Suède
97%
2017 Allemagne
95%
2009 Norvège
94%
2017 Finlande
93%
2010 Portugal
91%
2017 Australie
90%
2012 Danemark
90%
2013 Brésil
89%
2001 Pays-Bas
89%
2003 Belgique
88%
2022 Suisse
87%
2015 Irlande
84%
2010 Islande
84%
2010 Argentine
82%
2013 Nouvelle Zélande
81%
2019 Autriche
79%
2015 Luxembourg
78%
2022 Chili
75%
2006 Afrique du sud
71%
2023 Andorre
68%
2016 Colombie
68%
2013 Uruguay
68%
2022 Slovénie
63%
2017 Malte
59%
2019 Equateur
46%
2020 Costa Rica
43%
2019 Taiwan
40%
Aucun quiz correspondant
Distribution des résultats
% des personnes avec chaque résultat
Percentile par nombre de réponses
Votre historique - résultats
Vous n’avez pas pris ce quiz